000 00479nam a22001692 4500
001 0000016017
005 20140825164632.0
008 090505s1953 xx 000 0 eng d
040 _aPUL
100 1 _aBosley, Harold Augustus,
_d1907-.
245 1 0 _aPreaching on controversial issues :
_b free pulpit in a free society.
260 _aNew York :
_bHarper,
_c1953.
300 _a221 p. ;
_c22 cm.
650 0 _aPreaching.
908 _a090505
050 _aBX8333.B565
_bP7 1953
999 _c15348
_d15348